000
00309nam a22001337a 4500
008
170405b xxu||||| |||| 00| 0 eng d
020
_a
9780316482745
041
_a
eng
080
_2
2ND
_a
616.15
100
_a
9
101
_a
SHM
245
_a
ATLAS AND SOURCEBOOK OF HEMATOLOGY
_c
KAPFF, C.T
942
_2
udc
_c
BK
999
_c
9890
_d
9890